[Event "GER MS-186 email"]
[Site "GER email"]
[Date "2013.10.28"]
[Round "?"]
[White "Zielasko, Andreas"]
[Black "Krause, Norbert"]
[Result "1/2-1/2"]
[WhiteElo "1975"]
[BlackElo "1894"]
[PlyCount "52"]
[EventDate "2013.11.08"]
[EventType "tourn (corr)"]
[EventRounds "6"]
[EventCountry "GER"]
[SourceTitle "Corr 2015"]
[Source "ChessBase"]
[SourceDate "2015.07.17"]
[SourceVersion "1"]
[SourceVersionDate "2015.07.17"]
[SourceQuality "1"]

1. e4 e5 2. Nf3 Nc6 3. Bb5 a6 4. Ba4 Nf6 5. 0-0 Be7 6. Re1 b5 7. Bb3 0-0 8. d4 d6 9. c3 Bg4 10. Be3 Bh5 11. h3 Na5 12. dxe5 dxe5 13. Qxd8 Rfxd8 14. Nxe5 Bd6 15. Bf4 Nxb3 16. axb3 Re8 17. Nd3 Nxe4 18. Bxd6 Nxd6 19. Na3 Rxe1+ 20. Rxe1 Bg6 21. Nc5 h5 22. Re7 Ra7 23. Rd7 Bf5 24. Rd8+ Kh7 25. Rb8 Ne4 26. b4 Nxc5 1/2-1/2

[Event "GER MS-178 email"]
[Site "GER email"]
[Date "2013.04.20"]
[Round "?"]
[White "Krause, Norbert"]
[Black "Andrae, Dirk"]
[Result "1/2-1/2"]
[WhiteElo "1901"]
[BlackElo "1969"]
[PlyCount "116"]
[EventDate "2013.04.30"]
[EventType "tourn (corr)"]
[EventRounds "6"]
[EventCountry "GER"]
[SourceTitle "Corr 2015"]
[Source "ChessBase"]
[SourceDate "2015.07.17"]
[SourceVersion "1"]
[SourceVersionDate "2015.07.17"]
[SourceQuality "1"]

1. e4 c5 2. Nf3 Nc6 3. d4 cxd4 4. Nxd4 Nf6 5. Nc3 e5 6. Ndb5 d6 7. Nd5 Nxd5 8. exd5 Nb8 9. Be3 Be7 10. Be2 0-0 11. 0-0 a6 12. Nc3 f5 13. f3 Nd7 14. Qd2 Bh4 15. g3 Bf6 16. a4 b6 17. Ra3 Qe8 18. Kh1 Bb7 19. Bd3 Bd8 20. Rb3 Qe7 21. Qe2 Nc5 22. Ra3 Qf7 23. Bc4 h5 24. h4 Re8 25. Kh2 Be7 26. Bf2 Bf6 27. Bxc5 bxc5 28. Rb3 Bd8 29. g4 Bc8 30. gxf5 Bxf5 31. Ne4 Qf8 32. Qe1 Ra7 33. Re3 Bh7 34. f4 Rf7 35. f5 Rxf5 36. Rxf5 Bxf5 37. Rf3 g6 38. Bxa6 Qe7 39. Bd3 Kg7 40. Qg3 Bxe4 41. Bxe4 Qxh4+ 42. Qxh4 Bxh4 43. a5 Ra8 44. Ra3 g5 45. a6 g4 46. Bd3 Kf6 47. Kg2 Be1 48. Bb5 Ra7 49. Be2 Bd2 50. Rb3 h4 51. Kh1 h3 52. Bxg4 Rxa6 53. Rf3+ Bf4 54. Bxh3 Ra2 55. Rf2 Rxb2 56. Kg2 Ra2 57. Kf3 Ra3+ 58. Kg4 Rg3+ 1/2-1/2

[Event "GER MS-175 email"]
[Site "GER email"]
[Date "2013.02.25"]
[Round "?"]
[White "Krause, Norbert"]
[Black "Milde, Lars"]
[Result "1/2-1/2"]
[WhiteElo "1880"]
[BlackElo "2023"]
[PlyCount "51"]
[EventDate "2013.03.11"]
[EventType "tourn (corr)"]
[EventRounds "6"]
[EventCountry "GER"]
[SourceTitle "Corr 2015"]
[Source "ChessBase"]
[SourceDate "2015.07.17"]
[SourceVersion "1"]
[SourceVersionDate "2015.07.17"]
[SourceQuality "1"]

1. e4 c5 2. Nf3 d6 3. d4 cxd4 4. Nxd4 Nf6 5. Nc3 a6 6. Be3 e6 7. f3 b5 8. Bd3 Bb7 9. 0-0 Nbd7 10. Qe1 Be7 11. a4 b4 12. Na2 a5 13. c3 bxc3 14. Nxc3 0-0 15. Rd1 Rc8 16. Bb5 Nc5 17. Rf2 Qc7 18. Rc2 Qb8 19. Rdc1 Bd8 20. Nce2 e5 21. Nf5 Nb3 22. Rxc8 Bxc8 23. Rc3 Bxf5 24. Rxb3 Be6 25. Bc4 Qc8 26. Bxe6 1/2-1/2

[Event "Thueringer-ch8 V07 email"]
[Site "GER email"]
[Date "2012.08.23"]
[Round "?"]
[White "Krause, Norbert"]
[Black "Marwitz, Ullrich"]
[Result "1/2-1/2"]
[WhiteElo "1895"]
[BlackElo "1575"]
[PlyCount "69"]
[EventDate "2012.09.15"]
[EventType "tourn (corr)"]
[EventRounds "4"]
[EventCountry "GER"]
[SourceTitle "Corr 2015"]
[Source "ChessBase"]
[SourceDate "2015.07.17"]
[SourceVersion "1"]
[SourceVersionDate "2015.07.17"]
[SourceQuality "1"]

1. e4 e5 2. Nf3 Nf6 3. Nxe5 d6 4. Nf3 Nxe4 5. d4 d5 6. Bd3 Nc6 7. 0-0 Be7 8. c4 Nf6 9. Nc3 0-0 10. Re1 Bg4 11. cxd5 Nxd5 12. Be4 Be6 13. Qd3 h6 14. a3 Qd7 15. Ne5 Nxe5 16. dxe5 Nxc3 17. Qxc3 c5 18. Qg3 Kh8 19. Qf3 Rab8 20. Be3 Bg4 21. Qf4 Be6 22. Rad1 Qb5 23. b4 Rfd8 24. bxc5 Rxd1 25. Rxd1 g5 26. Qg3 Qa4 27. Bf3 Qxa3 28. Bg4 Qb3 29. h3 Rd8 30. Rxd8+ Bxd8 31. Bxe6 Qxe6 32. Qf3 Qd7 33. Qe4 Kg7 34. Bd4 Kf8 35. Be3 1/2-1/2

[Event "GER HS-118 email"]
[Site "GER email"]
[Date "2012.01.28"]
[Round "?"]
[White "Krause, Norbert"]
[Black "Ostermann, Martin"]
[Result "1-0"]
[WhiteElo "1889"]
[BlackElo "1754"]
[PlyCount "69"]
[EventDate "2012.02.08"]
[EventType "tourn (corr)"]
[EventRounds "6"]
[EventCountry "GER"]
[SourceTitle "Corr 2015"]
[Source "ChessBase"]
[SourceDate "2015.07.17"]
[SourceVersion "1"]
[SourceVersionDate "2015.07.17"]
[SourceQuality "1"]

1. e4 e6 2. d4 d5 3. Nc3 Nf6 4. e5 Nfd7 5. f4 c5 6. Nf3 Nc6 7. Be3 Be7 8. Be2 0-0 9. Qd2 a6 10. a3 b5 11. 0-0 Qb6 12. dxc5 Bxc5 13. Bf2 Bb7 14. Bd3 Bxf2+ 15. Qxf2 Qxf2+ 16. Kxf2 Nc5 17. b4 Nxd3+ 18. cxd3 f6 19. exf6 Rxf6 20. g3 Rff8 21. Rac1 e5 22. Nxd5 Rad8 23. Rxc6 Rxd5 24. Rc7 Ba8 25. Re1 Rxd3 26. Nxe5 Rxa3 27. Rd1 Ra2+ 28. Ke1 Rxh2 29. Rdd7 Re8 30. Re7 Rd8 31. Rxg7+ Kh8 32. f5 Bd5 33. Rgd7 Rxd7 34. Rxd7 Rh1+ 35. Kd2 1-0

[Event "GER HS-110 email"]
[Site "GER email"]
[Date "2011.10.11"]
[Round "?"]
[White "Herzog, Klaus"]
[Black "Krause, Norbert"]
[Result "1/2-1/2"]
[WhiteElo "1833"]
[BlackElo "1893"]
[PlyCount "35"]
[EventDate "2011.10.18"]
[EventType "tourn (corr)"]
[EventRounds "6"]
[EventCountry "GER"]
[SourceTitle "Corr 2015"]
[Source "ChessBase"]
[SourceDate "2015.07.17"]
[SourceVersion "1"]
[SourceVersionDate "2015.07.17"]
[SourceQuality "1"]
[WhiteTeam "Germany"]
[BlackTeam "Germany"]
[WhiteTeamCountry "GER"]
[BlackTeamCountry "GER"]

1. d4 Nf6 2. c4 e6 3. Nc3 d5 4. cxd5 exd5 5. Bg5 Be7 6. e3 0-0 7. Bd3 c5 8. dxc5 Nbd7 9. Nge2 Nxc5 10. 0-0 Be6 11. Nd4 Rc8 12. Rc1 h6 13. Bf4 Qb6 14. Nf5 Bd8 15. Rc2 a6 16. h3 Nxd3 17. Qxd3 Bxf5 18. Qxf5 1/2-1/2

[Event "GER HS-110 email"]
[Site "GER email"]
[Date "2011.10.11"]
[Round "?"]
[White "Jarecki, Marian"]
[Black "Krause, Norbert"]
[Result "0-1"]
[WhiteElo "1840"]
[BlackElo "1893"]
[PlyCount "112"]
[EventDate "2011.10.18"]
[EventType "tourn (corr)"]
[EventRounds "6"]
[EventCountry "GER"]
[SourceTitle "Corr 2015"]
[Source "ChessBase"]
[SourceDate "2015.07.17"]
[SourceVersion "1"]
[SourceVersionDate "2015.07.17"]
[SourceQuality "1"]
[WhiteTeam "Germany"]
[BlackTeam "Germany"]
[WhiteTeamCountry "GER"]
[BlackTeamCountry "GER"]

1. d4 d5 2. Nc3 Nc6 3. Bf4 Bf5 4. Nb5 Rc8 5. e3 Nf6 6. Nf3 a6 7. Nc3 e6 8. Bd3 Bb4 9. 0-0 0-0 10. Bg5 Bg4 11. h3 Bh5 12. Bh4 Bd6 13. a3 h6 14. g4 Bg6 15. Kg2 Be7 16. Bxg6 fxg6 17. Bg3 Nd7 18. Qd3 g5 19. Rae1 Nb6 20. Ne5 Nxe5 21. Bxe5 Nc4 22. f4 Qd7 23. Rb1 Rf7 24. Ne2 Rcf8 25. Ng3 c5 26. f5 Qc6 27. b4 cxb4 28. axb4 Qc8 29. c3 Bd6 30. Bxd6 Nxd6 31. fxe6 Qxe6 32. Rxf7 Rxf7 33. Rf1 Rxf1 34. Kxf1 h5 35. Kf2 h4 36. Nh1 Ne4+ 37. Kg2 Qc6 38. Nf2 Qxc3 39. Qxc3 Nxc3 40. Kf1 Kf7 41. Ke1 Ke6 42. Kd2 Nb5 43. Nd1 b6 44. Kd3 Kd6 45. Nb2 Kc6 46. Na4 Nd6 47. Nc3 Ne8 48. e4 Nc7 49. Ke3 dxe4 50. Kxe4 Kd6 51. d5 Ne8 52. b5 a5 53. Kd4 Nf6 54. Kc4 Ke5 55. d6 Kxd6 56. Kd4 Ke6 0-1

[Event "GER HS-110 email"]
[Site "GER email"]
[Date "2011.10.11"]
[Round "?"]
[White "Krause, Norbert"]
[Black "Gronemann, Joern"]
[Result "0-1"]
[WhiteElo "1893"]
[BlackElo "1915"]
[PlyCount "92"]
[EventDate "2011.10.18"]
[EventType "tourn (corr)"]
[EventRounds "6"]
[EventCountry "GER"]
[SourceTitle "Corr 2015"]
[Source "ChessBase"]
[SourceDate "2015.07.17"]
[SourceVersion "1"]
[SourceVersionDate "2015.07.17"]
[SourceQuality "1"]
[WhiteTeam "Germany"]
[BlackTeam "Germany"]
[WhiteTeamCountry "GER"]
[BlackTeamCountry "GER"]

1. e4 d5 2. exd5 Qxd5 3. Nc3 Qa5 4. d4 Nf6 5. Nf3 Bf5 6. Ne5 c6 7. Nc4 Qd8 8. Be3 e6 9. Bd3 Bxd3 10. Qxd3 Nbd7 11. 0-0 Be7 12. Bf4 0-0 13. Rfe1 Nb6 14. Ne5 Nbd5 15. Nxd5 cxd5 16. b3 Ne4 17. c4 Bb4 18. Rec1 Ba3 19. Rc2 Rc8 20. f3 Nd6 21. c5 Nf5 22. Qc3 a5 23. Bc1 Bxc1 24. Raxc1 Re8 25. Rd2 b6 26. c6 Rc7 27. Rdc2 Qd6 28. g4 Ne7 29. g5 Nf5 30. Qd3 f6 31. gxf6 gxf6 32. Ng4 Kg7 33. Ne3 Ne7 34. Rg2+ Ng6 35. Qd2 Rd8 36. Kh1 Rdc8 37. Nc2 Qf8 38. Ne3 Rxc6 39. Rxc6 Rxc6 40. Ng4 Kf7 41. Rg3 Qb4 42. Qh6 Qe1+ 43. Rg1 Qh4 44. Qd2 Qh3 45. Qd3 Ne7 46. Nf2 Qf5 0-1

[Event "GER OS-158 email"]
[Site "GER email"]
[Date "2011.07.31"]
[Round "?"]
[White "Oppel, Dieter"]
[Black "Krause, Norbert"]
[Result "0-1"]
[WhiteElo "1505"]
[BlackElo "1899"]
[PlyCount "68"]
[EventDate "2011.08.05"]
[EventType "tourn (corr)"]
[EventRounds "6"]
[EventCountry "GER"]
[SourceTitle "Corr 2015"]
[Source "ChessBase"]
[SourceDate "2015.07.17"]
[SourceVersion "1"]
[SourceVersionDate "2015.07.17"]
[SourceQuality "1"]
[WhiteTeam "Germany"]
[BlackTeam "Germany"]
[WhiteTeamCountry "GER"]
[BlackTeamCountry "GER"]

1. e4 e5 2. Nf3 Nc6 3. Nc3 Nf6 4. d4 exd4 5. Nxd4 Bb4 6. Nxc6 bxc6 7. Bd3 0-0 8. 0-0 d6 9. Bg5 h6 10. Bd2 Re8 11. Qf3 Rb8 12. Rae1 Ng4 13. Qg3 h5 14. h3 h4 15. Qf4 Ne5 16. Be2 Be6 17. b3 a5 18. Bh5 Rf8 19. Qe3 f5 20. exf5 Bxf5 21. Bd1 Qf6 22. Na4 Rbe8 23. a3 Nc4 24. Qxe8 Rxe8 25. Rxe8+ Kf7 26. axb4 Nxd2 27. Rfe1 axb4 28. R8e3 Qd4 29. Bh5+ g6 30. Bd1 Kf6 31. c3 bxc3 32. Rxc3 c5 33. Rce3 c4 34. b4 c6 0-1

[Event "GER OS-158 email"]
[Site "GER email"]
[Date "2011.07.31"]
[Round "?"]
[White "Tacke, Hubert"]
[Black "Krause, Norbert"]
[Result "1/2-1/2"]
[WhiteElo "1798"]
[BlackElo "1899"]
[PlyCount "85"]
[EventDate "2011.08.05"]
[EventType "tourn (corr)"]
[EventRounds "6"]
[EventCountry "GER"]
[SourceTitle "Corr 2015"]
[Source "ChessBase"]
[SourceDate "2015.07.17"]
[SourceVersion "1"]
[SourceVersionDate "2015.07.17"]
[SourceQuality "1"]
[WhiteTeam "Germany"]
[BlackTeam "Germany"]
[WhiteTeamCountry "GER"]
[BlackTeamCountry "GER"]

1. c4 e5 2. g3 Nc6 3. Bg2 Nf6 4. Nc3 Bc5 5. Nf3 0-0 6. 0-0 d6 7. d3 h6 8. a3 a5 9. e3 Re8 10. Re1 Bf5 11. Qc2 Qd7 12. Nd5 Nxd5 13. cxd5 Na7 14. Bd2 a4 15. Rac1 Bb6 16. Nh4 Bh7 17. Bb4 Qb5 18. Red1 Nc8 19. Qc4 Qxc4 20. dxc4 Bc5 21. Nf3 Bf5 22. h3 g5 23. Nd2 e4 24. g4 Bg6 25. Nb1 f5 26. gxf5 Bxf5 27. Nc3 Re7 28. Nb5 Kg7 29. Kh2 h5 30. Rd2 Kf6 31. Rf1 Kg7 32. Bxc5 dxc5 33. f4 exf3 34. Bxf3 Nb6 35. d6 cxd6 36. Nxd6 Bg6 37. Bxb7 Rf8 38. Rxf8 Kxf8 39. Rf2+ Kg7 40. Ba6 Re6 41. Nf5+ Kh7 42. Bb5 Re5 43. Nd6 1/2-1/2

[Event "GER HS-106 email"]
[Site "GER email"]
[Date "2011.07.07"]
[Round "?"]
[White "Hebel, Erich"]
[Black "Krause, Norbert"]
[Result "1/2-1/2"]
[WhiteElo "1853"]
[BlackElo "1888"]
[PlyCount "79"]
[EventDate "2011.07.06"]
[EventType "tourn (corr)"]
[EventRounds "6"]
[EventCountry "GER"]
[SourceTitle "Corr 2015"]
[Source "ChessBase"]
[SourceDate "2015.07.17"]
[SourceVersion "1"]
[SourceVersionDate "2015.07.17"]
[SourceQuality "1"]
[WhiteTeam "Germany"]
[BlackTeam "Latvia"]
[WhiteTeamCountry "GER"]
[BlackTeamCountry "LAT"]

1. e4 e5 2. Nf3 Nc6 3. Bc4 Bc5 4. c3 Nf6 5. d3 0-0 6. 0-0 Bb6 7. b4 d6 8. h3 Ne7 9. a4 a5 10. b5 Ng6 11. Re1 Re8 12. Qb3 Be6 13. Bxe6 Rxe6 14. c4 Nh5 15. Bg5 Qd7 16. Nc3 Ngf4 17. Bxf4 Nxf4 18. Nd5 Nxd5 19. cxd5 Rg6 20. Nh4 Rf6 21. Nf5 g6 22. Ne3 h5 23. Ra2 Bc5 24. Rc2 Rf4 25. g3 Qxh3 26. gxf4 exf4 27. Rxc5 dxc5 28. Ng2 f3 29. Ne3 Re8 30. Qb2 Qh4 31. b6 cxb6 32. d6 b5 33. Rc1 Qg5+ 34. Kf1 b4 35. Qc2 b6 36. Qd1 Qf4 37. Nd5 Qg5 38. Ne3 Qf4 39. Nd5 Qg5 40. Ne3 1/2-1/2

[Event "GER HS-106 email"]
[Site "GER email"]
[Date "2011.07.07"]
[Round "?"]
[White "Kern, Manfred"]
[Black "Krause, Norbert"]
[Result "1/2-1/2"]
[WhiteElo "1851"]
[BlackElo "1888"]
[PlyCount "115"]
[EventDate "2011.07.06"]
[EventType "tourn (corr)"]
[EventRounds "6"]
[EventCountry "GER"]
[SourceTitle "Corr 2015"]
[Source "ChessBase"]
[SourceDate "2015.07.17"]
[SourceVersion "1"]
[SourceVersionDate "2015.07.17"]
[SourceQuality "1"]
[WhiteTeam "Germany"]
[BlackTeam "Latvia"]
[WhiteTeamCountry "GER"]
[BlackTeamCountry "LAT"]

1. e4 e5 2. Nf3 Nc6 3. Bb5 a6 4. Bxc6 dxc6 5. 0-0 Bg4 6. h3 Bxf3 7. Qxf3 Nf6 8. d3 Bc5 9. Bg5 h6 10. Bxf6 Qxf6 11. Qxf6 gxf6 12. Nd2 a5 13. Nf3 0-0 14. Rad1 Bb6 15. Nh4 Kh7 16. c3 Rfd8 17. Nf5 Rd7 18. Rd2 a4 19. Rfd1 c5 20. a3 Rad8 21. f3 Kg6 22. Kf2 c6 23. h4 Kh5 24. Ke2 Bc7 25. Ng3+ Kg6 26. h5+ Kh7 27. Ke3 Rg8 28. Nf5 b5 29. g3 Bb6 30. Rh1 Ba5 31. Rb1 Bb6 32. Rf1 Rg5 33. Rdd1 Rxh5 34. Rh1 c4+ 35. d4 exd4+ 36. cxd4 Rxf5 37. exf5 Re7+ 38. Kf2 Rd7 39. f4 Bxd4+ 40. Kf3 Kg7 41. Ke4 c5 42. Rh3 Rd8 43. Rd2 Rd7 44. g4 Rd8 45. Rh4 Rd6 46. Rdh2 c3 47. bxc3 Bxc3 48. Rxh6 Rd4+ 49. Kf3 Rd3+ 50. Ke2 c4 51. g5 fxg5 52. fxg5 Kg8 53. f6 Rd2+ 54. Kf3 Rd3+ 55. Ke4 Rd4+ 56. Ke5 Rd3+ 57. Kf5 Rd5+ 58. Kg4 1/2-1/2